| 000 | 00829nam a2200181Ia 4500 | ||
|---|---|---|---|
| 001 | 21899 | ||
| 003 | GE_BSU | ||
| 008 | 181216s||||||||xx |||||||||||||| ||und|| | ||
| 040 | _cGE_BSU | ||
| 245 | _aსაქართველოს სოფლის მეურნეობის მეცნიერებათა აკადემია. მოამბე. 26 | ||
| 245 | _cნომრის რედ. მარგველაშვილი გ. | ||
| 260 | _aთბილისი | ||
| 260 | _c2009 | ||
| 300 | _a330გვ. 30სმ. | ||
| 520 | _aპარალ. სათ. რუს. და ინგლ. ენ | ||
| 653 | _aსაქართველოს სოფლის მეურნეობის მეცნიერებათა აკადემია. მოამბე. 26 | ||
| 942 | _cCR | ||
| 999 |
_c54830 _d54830 |
||